Borders of France - Languages ​​Update - Statistics

General Stats
  • This quiz has been taken 19 times
  • The average score is 10 of 11
Answer Stats
Km Precisions Countries % Correct
448 Metropolitan France Germany
100%
623 Metropolitan France Spain
100%
573 Metropolitan France Switzerland
100%
57 Metropolitan France Andorra
94%
515 Metropolitan France Italy
94%
4 Metropolitan France Monaco
94%
620 Metropolitan France Belgium
88%
73 Metropolitan France Luxembourg
88%
520 France Overseas Suriname
82%
730 France Overseas Brazil
76%
13 France Overseas Netherlands
71%
No matching quizzes found
Score Distribution
Percent of People with Each Score
Percentile by Number Answered
Your Score History
You have not taken this quiz